[Event "Tianjin Binhai Cup-A 3rd"]
[Site "Tianjin"]
[Date "2023.08.23"]
[Round "6"]
[White "Xie, Jianjun"]
[Black "Sivuk, Vitaly"]
[Result "1/2-1/2"]
[WhiteElo "2397"]
[BlackElo "2459"]
[PlyCount "158"]
[EventDate "2023.08.20"]
[EventType "swiss"]
[EventRounds "9"]
[EventCountry "CHN"]
[SourceTitle "CBM 215 Extra"]
[Source "ChessBase"]
[SourceDate "2023.09.30"]
[SourceVersion "1"]
[SourceVersionDate "2023.09.30"]
[SourceQuality "1"]

1. e4 c5 2. c3 Nf6 3. e5 Nd5 4. d4 cxd4 5. Nf3 e6 6. cxd4 d6 7. Bc4 Be7 8. 0-0 0-0 9. Qe2 b6 10. Nbd2 Bb7 11. Ne4 dxe5 12. dxe5 Nd7 13. Bd2 Rc8 14. Rac1 Nc5 15. Ng3 a5 16. Rfd1 Qc7 17. Nh5 Rfd8 18. a3 a4 19. Bg5 h6 20. Bd2 Bf8 21. Nd4 Ne7 22. Nb5 Qc6 23. Qg4 Ne4 24. Bf1 Qd5 25. Bf4 Qb3 26. Nd6 Rxc1 27. Bxc1 Nxd6 28. Rxd6 Rxd6 29. exd6 Ng6 30. Qd4 e5 31. Qd2 Qd5 32. d7 Be7 33. Qxd5 Bxd5 34. Bb5 Be6 35. Bxa4 Nf8 36. Be3 Bd8 37. f4 g6 38. Ng3 exf4 39. Bxf4 g5 40. Bd6 Nxd7 41. Bc6 Bf6 42. b4 Bd4+ 43. Kf1 Ne5 44. Bb5 Nc4 45. Bxc4 Bxc4+ 46. Ke1 b5 47. Nf5 Bc3+ 48. Kd1 Bb3+ 49. Ke2 Kh7 50. Kd3 Bb2 51. Bc5 Ba4 52. Kd2 Bxa3 53. Nd6 Kg6 54. Ne4 Bb2 55. Nc3 Kf5 56. Bd4 Ba3 57. Bc5 h5 58. g3 Kg4 59. Ne4 Bb2 60. Be7 Kh3 61. Bxg5 Kxh2 62. Bf4 Kg2 63. Nc3 Kf3 64. Bd6 f5 65. Bc7 Kg4 66. Bd6 h4 67. gxh4 Kxh4 68. Nxa4 bxa4 69. Kc2 Bd4 70. Bc5 Be5 71. b5 f4 72. Kb1 f3 73. b6 Kg4 74. Ka2 Kf5 75. Ka3 Bd6 76. Bxd6 f2 77. b7 f1Q 78. b8Q Qa1+ 79. Kb4 Qb2+ 1/2-1/2

[Event "Tianjin Binhai Cup-A 3rd"]
[Site "Tianjin"]
[Date "2023.08.20"]
[Round "2"]
[White "Chen, Zimu"]
[Black "Xie, Jianjun"]
[Result "0-1"]
[WhiteElo "1899"]
[BlackElo "2397"]
[PlyCount "104"]
[EventDate "2023.08.20"]
[EventType "swiss"]
[EventRounds "9"]
[EventCountry "CHN"]
[SourceTitle "CBM 215 Extra"]
[Source "ChessBase"]
[SourceDate "2023.09.30"]
[SourceVersion "1"]
[SourceVersionDate "2023.09.30"]
[SourceQuality "1"]

1. d4 d5 2. Bg5 h6 3. Bh4 c6 4. e3 Qb6 5. Nd2 Qxb2 6. Bd3 Nd7 7. Ngf3 Ngf6 8. 0-0 e6 9. c4 Qa3 10. Qe2 Be7 11. Ne5 Nxe5 12. dxe5 Nd7 13. Bg3 Nc5 14. Bc2 b6 15. f4 Ba6 16. f5 Bg5 17. Bb3 exf5 18. h4 Be7 19. Rxf5 Nxb3 20. Nxb3 Bxc4 21. Qg4 Bxb3 22. e6 fxe6 23. Qxg7 Kd7 24. axb3 Rhg8 25. Qd4 Qc5 26. Rf3 Qxd4 27. exd4 a5 28. Be5 Bxh4 29. Rf7+ Be7 30. Rh7 Rgf8 31. Bg3 Rh8 32. Rf7 Raf8 33. Raf1 Rxf7 34. Rxf7 Ke8 35. Rg7 Bf6 36. Rc7 Bxd4+ 37. Kh2 Rg8 38. Rc8+ Kf7 39. Rxc6 Kf6 40. Kh3 Kf5 41. Bh4 h5 42. Rc7 Rg4 43. Bd8 Rg8 44. Bh4 e5 45. Rh7 b5 46. Rxh5+ Ke4 47. Rh6 Ra8 48. Be7 Kd3 49. Rd6 a4 50. Rxd5 a3 51. Bxa3 Rxa3 52. Rxb5 e4 0-1

[Event "CHN-chB"]
[Site "Qiziwan"]
[Date "2023.02.01"]
[Round "5"]
[White "Jin, Yueheng"]
[Black "Xie, Jianjun"]
[Result "1/2-1/2"]
[WhiteElo "1900"]
[BlackElo "2414"]
[PlyCount "93"]
[EventDate "2023.01.30"]
[EventType "swiss"]
[EventRounds "11"]
[EventCountry "CHN"]
[SourceTitle "CBM 212 Extra"]
[Source "ChessBase"]
[SourceDate "2023.03.31"]
[SourceVersion "1"]
[SourceVersionDate "2023.03.31"]
[SourceQuality "1"]

1. d4 Nf6 2. c4 e6 3. Nc3 d5 4. Bg5 Be7 5. e3 h6 6. Bxf6 Bxf6 7. Nf3 b6 8. Rc1 0-0 9. Bd3 Bb7 10. 0-0 Qe7 11. Qe2 a6 12. cxd5 exd5 13. e4 dxe4 14. Nxe4 Nc6 15. Nxf6+ Qxf6 16. Qe4 g6 17. d5 Rae8 18. Qc4 Ne5 19. Nxe5 Qxe5 20. Qxc7 Bxd5 21. Qxe5 Rxe5 22. b3 a5 23. Rfd1 g5 24. f3 Rfe8 25. Kf2 Kg7 26. Rd2 Be6 27. Re2 Rxe2+ 28. Bxe2 Rd8 29. Ke3 Rd6 30. Rc7 Kf6 31. Bc4 Bd7 32. Bd3 h5 33. g3 h4 34. Be2 Be6 35. Bc4 Rd1 36. gxh4 gxh4 37. Bxe6 fxe6 38. Rc4 h3 39. Ra4 e5 40. Rh4 Kg5 41. Rxh3 Re1+ 42. Kd2 Ra1 43. a4 Rb1 44. Ke3 Re1+ 45. Kd2 Rb1 46. Ke3 Rb2 47. Rh8 1/2-1/2

[Event "Belt and Road Hunan op-A"]
[Site "Changsha"]
[Date "2019.08.06"]
[Round "9"]
[White "Xie, Jianjun"]
[Black "Munkhgal, Gombosuren"]
[Result "1/2-1/2"]
[WhiteElo "2417"]
[BlackElo "2442"]
[PlyCount "93"]
[EventDate "2019.07.29"]
[EventType "swiss"]
[EventRounds "9"]
[EventCountry "CHN"]
[SourceTitle "CBM 191 Extra"]
[Source "ChessBase"]
[SourceDate "2019.09.30"]
[SourceVersion "1"]
[SourceVersionDate "2019.09.30"]
[SourceQuality "1"]

1. e4 e6 2. d4 d5 3. Nd2 c5 4. exd5 Qxd5 5. Ngf3 cxd4 6. Bc4 Qd6 7. 0-0 Nf6 8. Nb3 Nc6 9. Nbxd4 Nxd4 10. Nxd4 a6 11. Re1 Qc7 12. Bb3 Bd6 13. Nf5 Bxh2+ 14. Kh1 0-0 15. Nxg7 Rd8 16. Qf3 Kxg7 17. Bh6+ Kg6 18. c3 Nh5 19. Be3 f5 20. Bc2 Bf4 21. g4 Bxe3 22. gxh5+ Kf7 23. Rxe3 Bd7 24. Be4 Rg8 25. Rd1 Rg5 26. Rg1 Rxg1+ 27. Kxg1 Rg8+ 28. Kf1 Bb5+ 29. Bd3 Bc6 30. Qe2 Qf4 31. Bc4 Rg4 32. Bxe6+ Kf6 33. Bb3 Be4 34. Qd2 Qc7 35. Rg3 Rxg3 36. fxg3 f4 37. gxf4 Kf5 38. Ke1 Qxf4 39. Qd7+ Kg5 40. Qe7+ Kxh5 41. Bd1+ Kh6 42. Qe6+ Bg6 43. Qh3+ Kg7 44. Qd7+ Qf7 45. Qd4+ Qf6 46. Qd7+ Qf7 47. Qd4+ 1/2-1/2

[Event "Belt and Road Hunan op-A"]
[Site "Changsha"]
[Date "2019.07.29"]
[Round "1"]
[White "Xie, Jianjun"]
[Black "Xu, Yinglun"]
[Result "1/2-1/2"]
[WhiteElo "2417"]
[BlackElo "2562"]
[PlyCount "72"]
[EventDate "2019.07.29"]
[EventType "swiss"]
[EventRounds "9"]
[EventCountry "CHN"]
[SourceTitle "CBM 191 Extra"]
[Source "ChessBase"]
[SourceDate "2019.09.30"]
[SourceVersion "1"]
[SourceVersionDate "2019.09.30"]
[SourceQuality "1"]

1. e4 c5 2. c3 d5 3. exd5 Qxd5 4. d4 e6 5. Nf3 Nf6 6. Na3 Nc6 7. Be3 cxd4 8. Nb5 Qd7 9. Nbxd4 a6 10. Bd3 Bc5 11. 0-0 Nxd4 12. cxd4 Be7 13. Ne5 Qd5 14. Bc4 Qd6 15. Bf4 Qd8 16. Re1 0-0 17. Bg5 Bd7 18. Qf3 Bc6 19. Nxc6 bxc6 20. Qxc6 Qxd4 21. Bxa6 Qxb2 22. a4 Nd5 23. Bxe7 Nxe7 24. Qb7 Rfb8 25. Qxb2 Rxb2 26. Reb1 Rxb1+ 27. Rxb1 Kf8 28. Bb5 Nd5 29. Bc6 Ra5 30. Rb8+ Ke7 31. Rb7+ Kd6 32. Bb5 Nc7 33. g3 g5 34. Rb6+ Ke7 35. Rb7 Kd6 36. Rb6+ Kd5 1/2-1/2

[Event "CHN-chT"]
[Site "Daqing"]
[Date "2019.06.25"]
[Round "7.9"]
[White "Gong, Sunle"]
[Black "Xie, Jianjun"]
[Result "0-1"]
[WhiteElo "1697"]
[BlackElo "2427"]
[PlyCount "64"]
[EventDate "2019.06.19"]
[EventType "team-swiss"]
[EventRounds "9"]
[EventCountry "CHN"]
[SourceTitle "CBM 191 Extra"]
[Source "ChessBase"]
[SourceDate "2019.09.30"]
[SourceVersion "1"]
[SourceVersionDate "2019.09.30"]
[SourceQuality "1"]
[WhiteTeam "Qingdao"]
[BlackTeam "Hunan"]
[WhiteTeamCountry "CHN"]
[BlackTeamCountry "CHN"]

1. d4 Nf6 2. c4 e5 3. dxe5 Ng4 4. Bf4 Bb4+ 5. Nc3 Nc6 6. Nf3 Qe7 7. Qd5 Bxc3+ 8. bxc3 f6 9. exf6 Nxf6 10. Qd3 d6 11. g3 Ne5 12. Nxe5 dxe5 13. Be3 c6 14. Bg2 Be6 15. 0-0 0-0 16. c5 Rad8 17. Qc2 Ng4 18. Qe4 Bf5 19. Qc4+ Be6 20. Qe4 Kh8 21. Rad1 Rxd1 22. Rxd1 Bf5 23. Qc4 Nxe3 24. fxe3 Be6 25. Qb4 a5 26. Qxa5 Qg5 27. e4 Qe3+ 28. Kh1 Qxe2 29. Rg1 h6 30. Qc7 Rf2 31. Qd8+ Kh7 32. Qd1 Rxg2 0-1

[Event "CHN-chT"]
[Site "Daqing"]
[Date "2019.06.19"]
[Round "1.5"]
[White "Bai, Jinshi"]
[Black "Xie, Jianjun"]
[Result "1-0"]
[WhiteElo "2606"]
[BlackElo "2427"]
[PlyCount "49"]
[EventDate "2019.06.19"]
[EventType "team-swiss"]
[EventRounds "9"]
[EventCountry "CHN"]
[SourceTitle "CBM 191 Extra"]
[Source "ChessBase"]
[SourceDate "2019.09.30"]
[SourceVersion "1"]
[SourceVersionDate "2019.09.30"]
[SourceQuality "1"]
[WhiteTeam "Shanghai"]
[BlackTeam "Hunan"]
[WhiteTeamCountry "CHN"]
[BlackTeamCountry "CHN"]

1. Nf3 d5 2. g3 c6 3. Bg2 Bg4 4. 0-0 Nd7 5. d3 Ngf6 6. h3 Bh5 7. c4 e6 8. cxd5 cxd5 9. Qb3 Qb6 10. Qxb6 axb6 11. g4 Bg6 12. Nc3 Bb4 13. Bd2 0-0 14. g5 Bxc3 15. Bxc3 Nh5 16. Bd2 Nc5 17. Rfc1 Rfd8 18. Be3 f6 19. b4 Na4 20. Rc7 e5 21. gxf6 gxf6 22. Nh4 Bf7 23. Kh2 Rac8 24. Rxb7 d4 25. Bh6 1-0

[Event "CHN-chT"]
[Site "Hangzhou"]
[Date "2018.06.22"]
[Round "6.9"]
[White "Xie, Jianjun"]
[Black "Zhou, Yibo"]
[Result "1-0"]
[WhiteElo "2410"]
[BlackElo "1903"]
[PlyCount "61"]
[EventDate "2018.06.19"]
[EventType "team-swiss"]
[EventRounds "9"]
[EventCountry "CHN"]
[SourceTitle "CBM 185 Extra"]
[Source "ChessBase"]
[SourceDate "2018.07.29"]
[SourceVersion "1"]
[SourceVersionDate "2018.07.29"]
[SourceQuality "1"]
[WhiteTeam "Ningbo"]
[BlackTeam "Shanxi"]
[WhiteTeamCountry "CHN"]
[BlackTeamCountry "CHN"]

1. e4 c5 2. Nf3 d6 3. c3 Nc6 4. d4 cxd4 5. cxd4 Nf6 6. Nc3 g6 7. d5 Nb8 8. Be2 Bg7 9. 0-0 0-0 10. Be3 Bg4 11. Qb3 Bxf3 12. Bxf3 Qd7 13. Nb5 a6 14. Nc3 b5 15. a4 b4 16. Qxb4 a5 17. Qb5 Na6 18. Qxa5 Nc5 19. Qb4 Rfb8 20. Qc4 Rxb2 21. e5 Ne8 22. Bxc5 dxc5 23. Rfe1 Qa7 24. d6 Rd8 25. Nb5 Qb6 26. dxe7 Rdd2 27. Nd6 Rxd6 28. exd6 Qxd6 29. Qd5 Qf4 30. Qd8 Rb8 31. Rab1 1-0

[Event "CHN-chT"]
[Site "Hangzhou"]
[Date "2018.06.21"]
[Round "4.5"]
[White "Xie, Jianjun"]
[Black "Zhang, Ziji"]
[Result "1/2-1/2"]
[WhiteElo "2410"]
[BlackElo "2374"]
[PlyCount "59"]
[EventDate "2018.06.19"]
[EventType "team-swiss"]
[EventRounds "9"]
[EventCountry "CHN"]
[SourceTitle "CBM 185 Extra"]
[Source "ChessBase"]
[SourceDate "2018.07.29"]
[SourceVersion "1"]
[SourceVersionDate "2018.07.29"]
[SourceQuality "1"]
[WhiteTeam "Ningbo"]
[BlackTeam "Hebei"]
[WhiteTeamCountry "CHN"]
[BlackTeamCountry "CHN"]

1. d4 d5 2. c4 e6 3. Nc3 Be7 4. Nf3 Nf6 5. Bg5 h6 6. Bh4 0-0 7. e3 Nbd7 8. Bd3 dxc4 9. Bxc4 a6 10. a4 c5 11. 0-0 cxd4 12. Qxd4 b6 13. Rfd1 Bb7 14. Bg3 Bc5 15. Qd3 Qe7 16. Bd6 Bxd6 17. Qxd6 Qxd6 18. Rxd6 Rfc8 19. Be2 Kf8 20. Rdd1 Ke7 21. Nd2 Nd5 22. Nxd5+ Bxd5 23. e4 Bb7 24. Nc4 Rc7 25. f3 a5 26. Rd2 Ba6 27. Rad1 Bxc4 28. Bxc4 Rxc4 29. Rxd7+ Kf6 30. b3 1/2-1/2

[Event "CHN-chT"]
[Site "Hangzhou"]
[Date "2018.06.20"]
[Round "2.9"]
[White "Xie, Jianjun"]
[Black "Ma, Ling"]
[Result "1-0"]
[WhiteElo "2410"]
[BlackElo "2172"]
[PlyCount "87"]
[EventDate "2018.06.19"]
[EventType "team-swiss"]
[EventRounds "9"]
[EventCountry "CHN"]
[SourceTitle "CBM 185 Extra"]
[Source "ChessBase"]
[SourceDate "2018.07.29"]
[SourceVersion "1"]
[SourceVersionDate "2018.07.29"]
[SourceQuality "1"]
[WhiteTeam "Ningbo"]
[BlackTeam "Wuxi"]
[WhiteTeamCountry "CHN"]
[BlackTeamCountry "CHN"]

1. e4 c5 2. Nf3 d6 3. c3 Nf6 4. Be2 Bd7 5. e5 dxe5 6. Nxe5 Nc6 7. Nxd7 Qxd7 8. 0-0 e6 9. d3 Be7 10. Nd2 0-0 11. a4 Rfd8 12. Nc4 Nd5 13. Qc2 Bf6 14. Re1 b6 15. g3 Rac8 16. Bf1 Qc7 17. Qe2 a6 18. Bg2 b5 19. axb5 axb5 20. Ne3 Nxe3 21. Bxe3 b4 22. Rec1 Qd6 23. Be4 Ne7 24. Ra7 Nd5 25. Qh5 g6 26. Qf3 Be7 27. Bxd5 exd5 28. Bg5 f6 29. Re1 Bf8 30. Bxf6 Re8 31. Re5 Rxe5 32. Bxe5 Qe6 33. c4 Rd8 34. Bf6 Rd6 35. Be5 Rd8 36. b3 Be7 37. Qf4 Rf8 38. Qe3 Rf5 39. Bf4 Kf7 40. Qxc5 dxc4 41. Qxc4 Rd5 42. Bd2 Kf6 43. Qh4+ g5 44. Qh6+ 1-0

[Event "All China Games 3rd"]
[Site "Suzhou"]
[Date "2006.05.26"]
[Round "11"]
[White "Wei, Chenpeng"]
[Black "Xie, Jianjun"]
[Result "0-1"]
[WhiteElo "2356"]
[BlackElo "2432"]
[PlyCount "77"]
[EventDate "2006.05.20"]
[EventType "swiss"]
[EventRounds "11"]
[EventCountry "CHN"]
[SourceTitle "CBM 112 Extra"]
[Source "ChessBase"]
[SourceDate "2006.07.14"]
[SourceVersion "1"]
[SourceVersionDate "2006.07.14"]
[SourceQuality "1"]

1. e4 e5 2. Nf3 Nf6 3. Nc3 Nc6 4. g3 d5 5. exd5 Nd4 6. Bg2 Bg4 7. h3 Bxf3 8. Bxf3 Nxf3+ 9. Qxf3 Bb4 10. 0-0 0-0 11. a3 Bxc3 12. dxc3 Qxd5 13. Qe2 e4 14. Bf4 Qf5 15. Kh2 Nd5 16. Bd2 Rfe8 17. Rad1 c6 18. Bc1 h5 19. c4 Ne7 20. Bf4 Ng6 21. Bd6 Re6 22. h4 Nxh4 23. gxh4 Rxd6 24. Rxd6 Qf4+ 25. Kg2 Qxd6 26. Qxe4 Rd8 27. Re1 Qf6 28. Qe7 Qg6+ 29. Qg5 Qxg5+ 30. hxg5 Kf8 31. Kf3 Rd2 32. Rc1 Rd4 33. b3 Rg4 34. Rd1 Ke7 35. Re1+ Kd7 36. Re5 Kd6 37. Rf5 Ke6 38. Rc5 g6 39. b4 0-1

[Event "Torch Cup"]
[Site "Xiapu"]
[Date "2005.06.26"]
[Round "19"]
[White "Xie, Jianjun"]
[Black "Zhang, Pengxiang"]
[Result "1/2-1/2"]
[WhiteElo "2391"]
[BlackElo "2583"]
[PlyCount "58"]
[EventDate "2005.06.21"]
[EventType "team"]
[EventRounds "19"]
[EventCountry "CHN"]
[SourceTitle "CBM 106 Extra"]
[Source "ChessBase"]
[SourceDate "2005.07.01"]
[SourceVersion "1"]
[SourceVersionDate "2005.07.01"]
[SourceQuality "1"]

1. d4 Nf6 2. Nf3 e6 3. c4 b6 4. g3 Ba6 5. b3 d5 6. Bg2 Nbd7 7. 0-0 Rc8 8. Nbd2 Be7 9. Re1 c5 10. Bb2 0-0 11. e4 dxe4 12. Nxe4 Nxe4 13. Rxe4 Bf6 14. Re2 Bb7 15. Rd2 Qe7 16. Qe2 cxd4 17. Nxd4 Bxg2 18. Kxg2 Nc5 19. Rad1 Rfd8 20. Qf3 Qe8 21. Nb5 Bxb2 22. Rxb2 Rxd1 23. Qxd1 a6 24. Nd6 Qc6+ 25. f3 Rd8 26. Rd2 h6 27. Rd4 Rd7 28. b4 Nb7 29. Nxb7 Rxb7 1/2-1/2

[Event "Torch Cup"]
[Site "Xiapu"]
[Date "2005.06.24"]
[Round "17"]
[White "Xie, Jianjun"]
[Black "Qi, Jingxuan"]
[Result "1/2-1/2"]
[WhiteElo "2391"]
[BlackElo "2434"]
[PlyCount "37"]
[EventDate "2005.06.21"]
[EventType "team"]
[EventRounds "19"]
[EventCountry "CHN"]
[SourceTitle "CBM 106 Extra"]
[Source "ChessBase"]
[SourceDate "2005.07.01"]
[SourceVersion "1"]
[SourceVersionDate "2005.07.01"]
[SourceQuality "1"]

1. f4 d5 2. Nf3 g6 3. g3 Bg7 4. Bg2 Nf6 5. 0-0 c5 6. d3 Nc6 7. Nc3 d4 8. Na4 Nd7 9. c4 Qc7 10. e4 b6 11. a3 Bb7 12. Kh1 a5 13. Bh3 Bc8 14. e5 Ndxe5 15. Bg2 Nxf3 16. Bxf3 0-0 17. b4 axb4 18. axb4 cxb4 19. Be2 1/2-1/2

[Event "CHN-chT Torch Real Estate Cup"]
[Site "Wuxi"]
[Date "2005.05.12"]
[Round "11"]
[White "Xie, Jianjun"]
[Black "Li, Haoyu"]
[Result "1-0"]
[WhiteElo "2391"]
[BlackElo "2280"]
[PlyCount "55"]
[EventDate "2005.05.08"]
[EventType "team-tourn"]
[EventRounds "13"]
[EventCountry "CHN"]
[SourceTitle "CBM 106 Extra"]
[Source "ChessBase"]
[SourceDate "2005.07.01"]
[SourceVersion "1"]
[SourceVersionDate "2005.07.01"]
[SourceQuality "1"]

1. c4 g6 2. Nc3 Bg7 3. d4 Nf6 4. e4 0-0 5. f4 d6 6. Nf3 c5 7. d5 e6 8. Be2 exd5 9. cxd5 Re8 10. Nd2 a6 11. a4 Ng4 12. Nc4 Nf6 13. Qd3 Bg4 14. Bxg4 Nxg4 15. h3 Nf6 16. 0-0 Qe7 17. e5 dxe5 18. fxe5 Nfd7 19. d6 Nxe5 20. dxe7 Nxd3 21. Nb6 Nc6 22. Nxa8 Rxa8 23. Nd5 Bd4+ 24. Kh1 Re8 25. Bg5 Bg7 26. Nc7 Rxe7 27. Bxe7 Nxe7 28. Ne8 1-0

[Event "CHN-chT Torch Real Estate Cup"]
[Site "Wuxi"]
[Date "2005.05.10"]
[Round "9"]
[White "Xie, Jianjun"]
[Black "Zhao, Xue"]
[Result "1/2-1/2"]
[WhiteElo "2391"]
[BlackElo "2478"]
[PlyCount "74"]
[EventDate "2005.05.08"]
[EventType "team-tourn"]
[EventRounds "13"]
[EventCountry "CHN"]
[SourceTitle "CBM 106 Extra"]
[Source "ChessBase"]
[SourceDate "2005.07.01"]
[SourceVersion "1"]
[SourceVersionDate "2005.07.01"]
[SourceQuality "1"]

1. e4 e5 2. f4 exf4 3. Nf3 d5 4. exd5 Nf6 5. Bc4 Nxd5 6. Bxd5 Qxd5 7. Nc3 Qd8 8. d4 Bb4 9. 0-0 0-0 10. Bxf4 Nc6 11. Ne4 Bf5 12. Ng3 Bg6 13. c3 Bd6 14. Bxd6 Qxd6 15. Nh4 Ne7 16. Nxg6 hxg6 17. Qg4 Rae8 18. Ne4 Qc6 19. Ng5 Nf5 20. Qh3 Nh6 21. Rf2 Qd5 22. Qg3 c5 23. Nf3 Re3 24. dxc5 Qxc5 25. Qg5 Nf5 26. Nd4 Rfe8 27. Raf1 R3e5 28. Nxf5 gxf5 29. h3 Re2 30. Qxf5 Qxf5 31. Rxf5 Rxb2 32. Rxf7 Rxa2 33. R1f4 Rb2 34. Rc7 Rf8 35. Rd4 Rff2 36. Rc8+ Rf8 37. Rc7 Rff2 1/2-1/2

[Event "CHN-chT Torch Real Estate Cup"]
[Site "Wuxi"]
[Date "2005.05.09"]
[Round "8"]
[White "Yu, Shaoteng"]
[Black "Xie, Jianjun"]
[Result "1/2-1/2"]
[WhiteElo "2506"]
[BlackElo "2391"]
[PlyCount "73"]
[EventDate "2005.05.08"]
[EventType "team-tourn"]
[EventRounds "13"]
[EventCountry "CHN"]
[SourceTitle "CBM 106 Extra"]
[Source "ChessBase"]
[SourceDate "2005.07.01"]
[SourceVersion "1"]
[SourceVersionDate "2005.07.01"]
[SourceQuality "1"]

1. e4 e5 2. Nf3 Nc6 3. Bb5 a6 4. Ba4 Nf6 5. 0-0 b5 6. Bb3 Bb7 7. d3 Bd6 8. a3 0-0 9. Nc3 h6 10. Re1 Re8 11. Bd2 Bc5 12. Nd5 Nd4 13. Nxd4 Bxd4 14. c3 Bc5 15. Nxf6+ Qxf6 16. Be3 d6 17. Qh5 Re7 18. Rf1 Rf8 19. a4 Bc8 20. axb5 axb5 21. Bxc5 dxc5 22. f4 c4 23. dxc4 bxc4 24. Bxc4 exf4 25. Qf3 g5 26. g3 Qe5 27. Bd5 c6 28. gxf4 gxf4 29. Bb3 Qxe4 30. Qxf4 Qxf4 31. Rxf4 Rb7 32. Bc4 Rxb2 33. Rf6 Kg7 34. Raf1 Bh3 35. R1f2 Rxf2 36. Rxf2 Kg6 37. Rf3 1/2-1/2

[Event "Jinan Torch Cup"]
[Site "Jinan"]
[Date "2005.04.23"]
[Round "4"]
[White "Zhou, Weiqi"]
[Black "Xie, Jianjun"]
[Result "1-0"]
[WhiteElo "2397"]
[BlackElo "2391"]
[PlyCount "79"]
[EventDate "2005.04.20"]
[EventType "team"]
[EventRounds "9"]
[EventCountry "CHN"]
[SourceTitle "CBM 106 Extra"]
[Source "ChessBase"]
[SourceDate "2005.07.01"]
[SourceVersion "1"]
[SourceVersionDate "2005.07.01"]
[SourceQuality "1"]

1. e4 e5 2. Bc4 Nf6 3. d3 Nc6 4. Nc3 Bb4 5. Nge2 d5 6. exd5 Nxd5 7. 0-0 Be6 8. Bxd5 Bxd5 9. f4 0-0 10. f5 Bxc3 11. bxc3 f6 12. Ng3 b5 13. Qg4 Kh8 14. Be3 Qe7 15. Rfb1 Rab8 16. Ne4 Bxe4 17. Qxe4 Qd6 18. a4 b4 19. cxb4 Nd4 20. Bxd4 exd4 21. b5 Rfe8 22. Qc6 Qe5 23. Rf1 Rb6 24. Qc4 g6 25. Rae1 Qxe1 26. Rxe1 Rxe1+ 27. Kf2 Re5 28. Qxc7 Rxf5+ 29. Kg1 h5 30. h4 Re5 31. Qxa7 Ree6 32. Qd7 Rbd6 33. Qc7 g5 34. hxg5 fxg5 35. a5 g4 36. Kh2 h4 37. b6 Rc6 38. Qd8+ Kg7 39. Qxd4+ Kh6 40. Qxg4 1-0

[Event "Lee Cup 4th"]
[Site "Beijing"]
[Date "1997.09.01"]
[Round "8"]
[White "Xie, Jianjun"]
[Black "Xu, Jun"]
[Result "1/2-1/2"]
[WhiteElo "2365"]
[BlackElo "2505"]
[PlyCount "109"]
[EventDate "1997.08.23"]
[EventType "swiss"]
[EventRounds "11"]
[EventCountry "CHN"]
[SourceTitle "CBM 061"]
[Source "ChessBase"]
[SourceDate "1997.11.23"]
[SourceVersion "1"]
[SourceVersionDate "1997.11.23"]
[SourceQuality "1"]

1. d4 Nf6 2. Nf3 e6 3. g3 b6 4. Bg2 Bb7 5. 0-0 c5 6. c3 Be7 7. Nbd2 0-0 8. Re1 d5 9. Ne5 Nbd7 10. Ndf3 Nxe5 11. Nxe5 Qc7 12. Bg5 h6 13. Bxf6 Bxf6 14. Ng4 Be7 15. e3 b5 16. Ne5 a5 17. Nd3 cxd4 18. cxd4 Rfc8 19. Rc1 Qb6 20. Qd2 b4 21. Rxc8+ Rxc8 22. Rc1 Rc7 23. Bf1 Bd6 24. Rc2 Rxc2 25. Qxc2 Qc7 26. Qxc7 Bxc7 27. Nc5 Bc6 28. Ba6 Kf8 29. Kf1 Ke7 30. Ke2 e5 31. dxe5 Bxe5 32. Nb3 Bxb2 33. Nxa5 Bd7 34. Nb3 Kd6 35. Bd3 Bc3 36. Nd4 Kc5 37. Nb3+ Kb6 38. f3 h5 39. e4 dxe4 40. fxe4 Be6 41. Ke3 g5 42. Be2 g4 43. Bd1 Be5 44. Nc1 h4 45. Nd3 hxg3 46. hxg3 Bxg3 47. Nxb4 Bh4 48. Kf4 g3 49. Bf3 Kc5 50. Nd5 Kd4 51. Bg2 Kd3 52. Kf3 Kd2 53. Ne3 Bxa2 54. Nf5 Bf6 55. Nxg3 1/2-1/2

[Event "Lee Cup 4th"]
[Site "Beijing"]
[Date "1997.08.30"]
[Round "6"]
[White "Xu, Yuhua"]
[Black "Xie, Jianjun"]
[Result "1/2-1/2"]
[WhiteElo "2335"]
[BlackElo "2365"]
[PlyCount "80"]
[EventDate "1997.08.23"]
[EventType "swiss"]
[EventRounds "11"]
[EventCountry "CHN"]
[SourceTitle "CBM 061"]
[Source "ChessBase"]
[SourceDate "1997.11.23"]
[SourceVersion "1"]
[SourceVersionDate "1997.11.23"]
[SourceQuality "1"]

1. e4 c6 2. Nc3 d5 3. Nf3 Bg4 4. h3 Bh5 5. exd5 cxd5 6. Bb5+ Nc6 7. g4 Bg6 8. Ne5 Rc8 9. h4 d4 10. Qf3 Qd6 11. Bxc6+ bxc6 12. Nxg6 hxg6 13. Ne4 Qe5 14. Kd1 Nf6 15. Nxf6+ gxf6 16. d3 Bh6 17. g5 fxg5 18. hxg5 Bg7 19. Rxh8+ Bxh8 20. Bf4 Qf5 21. Ke2 Be5 22. Bd2 Qe6 23. Qe4 Kd7 24. Rh1 Rh8 25. Rxh8 Bxh8 26. Qxe6+ Kxe6 27. Bb4 Be5 28. Bc5 a6 29. Kf3 f6 30. Ke4 f5+ 31. Kf3 Bg7 32. Bb4 Kd7 33. c4 dxc3 34. bxc3 Be5 35. Ke3 Bc7 36. d4 e5 37. dxe5 Bxe5 38. f4 Bc7 39. c4 Bb6+ 40. Kd3 c5 1/2-1/2

[Event "Lee Cup 4th"]
[Site "Beijing"]
[Date "1997.08.27"]
[Round "4"]
[White "Alterman, Boris"]
[Black "Xie, Jianjun"]
[Result "1-0"]
[WhiteElo "2615"]
[BlackElo "2365"]
[PlyCount "56"]
[EventDate "1997.08.23"]
[EventType "swiss"]
[EventRounds "11"]
[EventCountry "CHN"]
[SourceTitle "CBM 061"]
[Source "ChessBase"]
[SourceDate "1997.11.23"]
[SourceVersion "1"]
[SourceVersionDate "1997.11.23"]
[SourceQuality "1"]

1. c4 Nf6 2. Nc3 g6 3. e4 d6 4. d4 Bg7 5. Be2 0-0 6. Bg5 Na6 7. h4 c5 8. d5 h6 9. Be3 e5 10. dxe6 Bxe6 11. Qd2 h5 12. Bh6 Qe7 13. Bxg7 Kxg7 14. 0-0-0 Rfd8 15. Qg5 Rd7 16. f4 Ng4 17. Qxe7 Rxe7 18. Bxg4 hxg4 19. b3 Bd7 20. Nge2 Bc6 21. Ng3 Rd8 22. h5 Nc7 23. Rh4 Ne8 24. hxg6 fxg6 25. Rxg4 Nf6 26. Nf5+ Kf7 27. Rxg6 Rxe4 28. Rg7+ Kf8 1-0

[Event "Lee Cup 4th"]
[Site "Beijing"]
[Date "1997.08.24"]
[Round "2"]
[White "Sun, Hui"]
[Black "Xie, Jianjun"]
[Result "1/2-1/2"]
[WhiteElo "2200"]
[BlackElo "2365"]
[PlyCount "62"]
[EventDate "1997.08.23"]
[EventType "swiss"]
[EventRounds "11"]
[EventCountry "CHN"]
[SourceTitle "CBM 061"]
[Source "ChessBase"]
[SourceDate "1997.11.23"]
[SourceVersion "1"]
[SourceVersionDate "1997.11.23"]
[SourceQuality "1"]

1. e4 e5 2. Nf3 Nc6 3. Nc3 Nf6 4. g3 Bb4 5. Bg2 d6 6. d3 h6 7. 0-0 Be6 8. a3 Ba5 9. b4 Bb6 10. Na4 Qd7 11. Nxb6 axb6 12. Bb2 Bh3 13. Re1 Bxg2 14. Kxg2 0-0 15. d4 exd4 16. Nxd4 Nxd4 17. Bxd4 Qe6 18. Qf3 Ne8 19. Qd3 Nf6 20. Qc3 Rfc8 21. Bxf6 Qxf6 22. Qxf6 gxf6 23. Red1 Ra4 24. Rd3 Rca8 25. Rc3 c5 26. Rd1 Rd8 27. bxc5 bxc5 28. Rxc5 dxc5 29. Rxd8+ Kg7 30. Rb8 Rxa3 31. Rxb7 Ra2 1/2-1/2